Normal view MARC view
  • Ruiz, Luis E.,

Entry Nombre Personal

Number of records used in: 8

001 - NUMERO DE CONTROL

  • campo de control: 29451

003 - IDENTIFICADOR DE NUMERO DE CONTROL

  • campo de control: MX-MxUPN

005 - FECHA Y HORA DE LA ÜLTIMA TRANSACCIÓN

  • campo de control: 20240424103333.0

008 - DATOS DE LONGITUD FIJA

  • campo de control de longitud fija: 240424n||acannaabn | aaa |d

035 ## - NUMERO DE CONTROL

  • Número de control: UPN11000001557

040 ## - FUENTE DE CATALOGACIÓN

  • Agencia original de catalogación: MX-MxUPN
  • Lenguaje de catalogación: spa
  • Agencia de transcripción: MX-MxUPN

046 ## - FECHAS CON CODIFICACIÓN ESPECIAL

  • Fecha de nacimiento: 18570212

100 1# - ENCABEZAMIENTO - NOMBRE PERSONAL

  • Nombre personal: Ruiz, Luis E.,
  • Fechas asociadas con el nombre: 1857-1914

370 ## - LUGAR ASOCIADO

  • Place of birth: Alvarado (Veracruz)

374 ## - OCUPACIÓN

  • Occupation: Médico
  • Occupation: Educador

670 ## - FUENTE EN LA QUE SE LOCALIZARON DATOS

  • Cita de la fuente: Tratado elemental de pedagogía, 1900:
  • Información localizada: portada (Luis E. Ruiz) página 9 (Este ilustre médico y distinguido educador, nació en Alvarado Veracruz, el 12 de febrero de 1857)

670 ## - FUENTE EN LA QUE SE LOCALIZARON DATOS

  • Cita de la fuente: LC, 24 abril 2024 :
  • Información localizada: (Ruiz, Luis E., 1857-1914)
  • Uniform Resource Identifier: https://lccn.loc.gov/no2011099086

902 ## - CATALOGADOR

  • Catalogador: DAA/030608